00737nam a2200217Ia 450000500170000000800410001704000190005804100120007708200200008910000260010924500680013526000460020330000160024950400500026565000180031565100350033385000100036894200070037899900160038595201180040120230303152312.0131103s9999 xx 000 0 und d aLoreto College aEnglish a822.33bSHA-BIS aBiswas,Dinesh Chandra aTreatment of his sources in the comediescDinesh Chandra Biswas aCalcuttabJadavpur University Pressc1971 axii,287 p.  aIncludes bibliographical references and index aEnglish Drama aShakespeare,William - Comedies aLCLIB cBK c4481d54960 00102ddc4070aMAINbMAINd2013-11-04l1o822.33 SHA-BIS 27547pB4349r2014-12-13s2014-12-08w2013-11-04yBKf